Стихотворения. Поэмы. Драмы. Сказки; Избранные произведения; Руслан и Людмила; Кавказский пленник; Кавказский пленник; Цыганы; Граф Нулин; Полтава; Медный всадник; Борис Годунов; Скупой рыцарь; Моцарт и Сальери; Каменный гость; Пир во время чумы; Русалка; Сцены из рыцарских времен; Сказка о попе и о работнике его Балде; Сказка о царе Салтане; Сказка о рыбаке и рыбке; Сказка о мертвой царевне и о семи богатырях; Сказка о золотом петушке

التفاصيل البيبلوغرافية
Parent link:Избранные произведения: в 2 т./ А. С. Пушкин. Т. 1.— , 1970-
اللغة:الروسية
منشور في: 1970
TOC:Руслан и Людмила;
Кавказский пленник;
Кавказский пленник;
Цыганы;
Граф Нулин;
Полтава;
Медный всадник;
Борис Годунов;
Скупой рыцарь;
Моцарт и Сальери;
Каменный гость;
Пир во время чумы;
Русалка;
Сцены из рыцарских времен;
Сказка о попе и о работнике его Балде;
Сказка о царе Салтане;
Сказка о рыбаке и рыбке;
Сказка о мертвой царевне и о семи богатырях;
Сказка о золотом петушке;
الموضوعات:
التنسيق: كتاب
KOHA link:https://koha.lib.tpu.ru/cgi-bin/koha/opac-detail.pl?biblionumber=101331

MARC

LEADER 00000nam0a2200000 4500
001 101331
005 20231031112605.0
035 |a (RuTPU)RU\TPU\book\109204 
035 |a RU\TPU\book\94861 
090 |a 101331 
100 |a 20060911d1970 m y0rusy50 ca 
101 0 |a rus 
102 |a RU 
105 |a y z 000ay 
200 1 |a Стихотворения. Поэмы. Драмы. Сказки 
210 |d 1970 
215 |a 638 с. 
461 |t Избранные произведения  |o в 2 т.  |f А. С. Пушкин  |v Т. 1  |d 1970- 
464 |t Руслан и Людмила 
464 |t Кавказский пленник 
464 |t Кавказский пленник 
464 |t Цыганы 
464 |t Граф Нулин 
464 |t Полтава 
464 |t Медный всадник 
464 |t Борис Годунов 
464 |t Скупой рыцарь 
464 |t Моцарт и Сальери 
464 |t Каменный гость 
464 |t Пир во время чумы 
464 |t Русалка 
464 |t Сцены из рыцарских времен 
464 |t Сказка о попе и о работнике его Балде 
464 |t Сказка о царе Салтане 
464 |t Сказка о рыбаке и рыбке 
464 |t Сказка о мертвой царевне и о семи богатырях 
464 |t Сказка о золотом петушке 
610 1 |a русская литература 
610 1 |a 19 век 
610 1 |a поэзия 
610 1 |a стихотворения 
610 1 |a поэмы 
610 1 |a сказки 
675 |a Р1  |v 3 
801 1 |a RU  |b 63413507  |c 20051224  |g PSBO 
801 2 |a RU  |b 63413507  |c 20060911  |g PSBO 
942 |c BK